000 00422nam a22001697a 4500
003 OSt
005 20220113110056.0
008 220113b |||||||| |||| 00| 0 eng d
020 _a0070620997
040 _cH.U
082 _a553.7
100 _aArceivala
_927862
245 _aWasteWater Treatment for Pollution Control & Reuse
250 _a3rd
260 _aNew Delhi
_bTata McGraw Hill
_c2007
942 _2ddc
_cBOOKS
_n0
999 _c26852
_d26852